01257cam a2200337 a 45000010009000000050017000090080041000260100015000670200018000820200015001000400028001150430012001430820024001551000026001792450087002052500012002922600069003043000045003735000024004185040032004426500033004746500041005076500044005486530025005926550024006177000041006417000036006829420024007189990017007429520160007591724024220141112145824.0120403t2013 xxuad frb 001 0 eng d a2012004762 a9781449627904 a1449627900 aDLCcDLCdDLCdEG-ScBUE an-us---00a352.480973222bLEE1 aLee, Robert D.93650810aPublic budgeting systems /cRobert D. Lee, Ronald W. Johnson, and Philip G. Joyce. a9th ed. aBurlington, United States :bJones & Bartlett Learning,cc.2013. axiii, 656 p. :bcharts, tables ;c27 cm. aIndex : p. 633-656. aBibliography : p. 625-631.  0aBudgetzUnited States936513 0aBudget processzUnited States936509 0aProgram budgetingzUnited States936510 bBUSADMcNovember2014 vreading book9342321 aJohnson, Ronald Wayne,d1942-9365111 aJoyce, Philip G.,d1956-936512 2ddck352.480973 LEE c18607d18579 00102ddc40708BaccahaMAINbMAINc1STd2014-11-12epurchaseg336.00h20677l1m6o352.480973 LEEp000036987r2025-07-15 00:00:00s2023-12-04v420.00yBB